书目信息 |
| 题名: |
人工智能与电力现货市场预测
|
|
| 作者: | 杨光 著 | |
| 分册: | ||
| 出版信息: | 北京 化学工业出版社 2025.06 |
|
| 页数: | 158页 | |
| 开本: | 24cm | |
| 丛书名: | ||
| 单 册: | ||
| 中图分类: | F426.61-39 | |
| 科图分类: | ||
| 主题词: | 人工智能--应用--电力市场--预测--中国 | |
| 电子资源: | ||
| ISBN: | 978-7-122-47748-4 | |
| 000 | 01236nam0 2200241 450 | |
| 001 | 01184553 | |
| 005 | 20251022180624.11 | |
| 010 | @a978-7-122-47748-4@dCNY98.00 | |
| 100 | @a20250528d2025 em y0chiy0120 ea | |
| 101 | 0 | @achi |
| 102 | @aCN@b110000 | |
| 105 | @ay z 000yy | |
| 106 | @ar | |
| 200 | 1 | @a人工智能与电力现货市场预测@9ren gong zhi neng yu dian li xian huo shi chang yu ce@dArtificial intelligence and power spot market prediction@f杨光著@zeng |
| 210 | @a北京@c化学工业出版社@d2025.06 | |
| 215 | @a158页@d24cm | |
| 330 | @a本书介绍了电力现货市场的预测机制及计算机技术的应用。首先,分析了电力现货市场的定义、特点和现状,并探讨了计算机技术在电力现货市场中的应用潜力。其次,解析了负荷预测、价格预测和风险预测的具体问题,涵盖理论介绍、技术应用和案例分析三部分,理论部分阐述了预测方法及其局限性,技术应用部分探讨了计算机技术的应用方案,案例分析部分通过真实数据验证了技术的实践性。最后,展望了电力现货市场的未来发展,特别是人工智能和大数据等新技术的应用前景。 | |
| 510 | 1 | @aArtificial intelligence and power spot market prediction@zeng |
| 606 | 0 | @a人工智能@x应用@x电力市场@x预测@y中国 |
| 690 | @aF426.61-39@v5 | |
| 701 | 0 | @a杨光@9yang guang@4著 |
| 801 | 0 | @aCN@c20250905 |
| 905 | @a河南城建学院图书馆@dF426.61@eY182@ZY182@f1 | |
| 人工智能与电力现货市场预测=Artificial intelligence and power spot market prediction/杨光著.-北京:化学工业出版社,2025.06 |
| 158页;24cm |
| ISBN 978-7-122-47748-4:CNY98.00 |
| 本书介绍了电力现货市场的预测机制及计算机技术的应用。首先,分析了电力现货市场的定义、特点和现状,并探讨了计算机技术在电力现货市场中的应用潜力。其次,解析了负荷预测、价格预测和风险预测的具体问题,涵盖理论介绍、技术应用和案例分析三部分,理论部分阐述了预测方法及其局限性,技术应用部分探讨了计算机技术的应用方案,案例分析部分通过真实数据验证了技术的实践性。最后,展望了电力现货市场的未来发展,特别是人工智能和大数据等新技术的应用前景。 |
| ● |
| 相关链接 |
|
|
|
正题名:人工智能与电力现货市场预测
索取号:F426.61/Y182
 
预约/预借
| 序号 | 登录号 | 条形码 | 馆藏地/架位号 | 状态 | 备注 |
| 1 | 1631381 | 216313816 | 社科库409/409社科库 36排4列4层/ [索取号:F426.61/Y182] | 在馆 |